Mahatma Gandhi's understanding of jesus (Record no. 22287)

MARC details
000 -LEADER
fixed length control field 00313nam a2200109Ia 4500
100 ## - MAIN ENTRY--AUTHOR NAME
Author name Ravi Tiwari
245 #0 - TITLE STATEMENT
Title Mahatma Gandhi's understanding of jesus
500 ## - GENERAL NOTE
General note Journal of Henry Martyn Institute July - Dec 2001
650 ## - SUBJECT ADDED ENTRY--TOPICAL TERM
Topical Term Study of Religions
942 ## - ADDED ENTRY ELEMENTS (KOHA)
Koha item type Book Reviews

No items available.

                   Copyright © 2026 | Henry Martyn Institute | Hyderabad | TS-500052 | INDIA | Implemented by hmi.edu.in
Hit-Count:

Powered by Koha